[Event "Titled Tuesday intern op 28th Jan Early"]
[Site "Chess.com INT"]
[Date "2025.01.28"]
[Round "6"]
[White "Jocev, Milan"]
[Black "Christiansen, Johan Sebastian"]
[Result "0-1"]
[WhiteElo "2292"]
[BlackElo "2664"]
[PlyCount "168"]
[EventDate "2025.01.28"]
[EventType "swiss (blitz)"]
[EventRounds "11"]
[EventCountry "USA"]
[SourceTitle "CB06_2025"]
[SourceDate "2025.02.05"]
[SourceVersion "1"]
[SourceVersionDate "2025.02.05"]
[SourceQuality "1"]

1. d4 Nf6 2. Nc3 c5 3. d5 d6 4. e4 g6 5. Bb5+ Nfd7 6. a4 Bg7 7. Nf3 Na6 8. 0-0 Nc7 9. Bc4 0-0 10. h3 a6 11. a5 b5 12. axb6 Nxb6 13. Be2 Bb7 14. Bf4 Qd7 15. Nd2 Nb5 16. Ndb1 f5 17. exf5 Qxf5 18. Bg3 Nd4 19. Bd3 Qf7 20. Nd2 Kh8 21. Be4 Nxd5 22. Nxd5 Bxd5 23. Bxd5 Qxd5 24. c3 Nf5 25. Nf3 Qxd1 26. Raxd1 Rfb8 27. Rd2 Rb7 28. Ra1 a5 29. Re2 a4 30. Ng5 h6 31. Ne6 Bf6 32. Nf4 Kg7 33. Nd5 Nxg3 34. fxg3 Be5 35. Ne3 Bxg3 36. Nc4 d5 37. Ne3 d4 38. cxd4 cxd4 39. Nc4 h5 40. Rd1 e5 41. Nd6 Rb3 42. Ne4 Bf4 43. Nc5 Re3 44. Rc2 a3 45. bxa3 Rexa3 46. Ne6+ Kh6 47. Nxf4 exf4 48. Rxd4 f3 49. gxf3 Rxf3 50. h4 Rg3+ 51. Rg2 Rh3 52. Rf2 Ra1+ 53. Kg2 Rah1 54. Rf7 R1h2+ 55. Kg1 Rxh4 56. Rdd7 Ra2 57. Rh7+ Kg5 58. Rd5+ Kf6 59. Rhd7 Rg4+ 60. Kh1 Ra1+ 61. Kh2 Ra2+ 62. Kh3 Ra6 63. Rd3 Rf4 64. Rd8 Rf5 65. Rf8+ Kg5 66. Re8 Raf6 67. Ree3 Rf4 68. Rg3+ Kh6 69. Rge3 Rg4 70. Rc3 Rgf4 71. Rcd3 g5 72. Rc3 Kg6 73. Kg3 h4+ 74. Kh3 Kh5 75. Re5 Rf3+ 76. Rxf3 Rxf3+ 77. Kg2 Ra3 78. Re8 Ra4 79. Kh3 g4+ 80. Kg2 Ra2+ 81. Kg1 h3 82. Rh8+ Kg5 83. Rf8 Kh4 84. Kh1 Kg3 0-1

[Event "Titled Tuesday intern op 21st Jan Late"]
[Site "Chess.com INT"]
[Date "2025.01.21"]
[Round "4"]
[White "Mekhitarian, Krikor Sevag"]
[Black "Christiansen, Johan Sebastian"]
[Result "0-1"]
[WhiteElo "2562"]
[BlackElo "2664"]
[PlyCount "94"]
[EventDate "2025.01.21"]
[EventType "swiss (blitz)"]
[EventRounds "11"]
[EventCountry "USA"]
[SourceTitle "CB05_2025"]
[SourceDate "2025.01.29"]
[SourceVersion "1"]
[SourceVersionDate "2025.01.29"]
[SourceQuality "1"]

1. Nf3 Nf6 2. c4 d6 3. d4 g6 4. Nc3 Bf5 5. Nh4 Bd7 6. e4 Nc6 7. d5 Nb4 8. Be2 Bg7 9. 0-0 0-0 10. Re1 e6 11. Nf3 exd5 12. exd5 Re8 13. a3 Na6 14. Be3 Nc5 15. Bd4 a5 16. b3 b6 17. Nd2 Bf5 18. h3 Nd3 19. Bxd3 Bxd3 20. Rxe8+ Qxe8 21. Qf3 Bf5 22. g4 Ne4 23. Ndxe4 Bxe4 24. Qe3 Bc2 25. Bxg7 Qxe3 26. fxe3 Kxg7 27. Nb5 Bxb3 28. Rc1 Ba4 29. Nd4 Bd7 30. Kf2 Rh8 31. Kg3 h5 32. gxh5 Rxh5 33. h4 Re5 34. Kf4 Kf6 35. Rh1 Bf5 36. Nxf5 Rxf5+ 37. Ke4 Rf2 38. h5 gxh5 39. Rxh5 Ra2 40. Rh8 Rxa3 41. Rc8 Rc3 42. Kd4 Rc1 43. Rxc7 b5 44. Rc6 Rxc4+ 45. Rxc4 bxc4 46. e4 c3 47. Kxc3 Ke5 0-1

[Event "Titled Tuesday intern op 21st Jan Late"]
[Site "Chess.com INT"]
[Date "2025.01.21"]
[Round "5"]
[White "Nihal, Sarin"]
[Black "Christiansen, Johan Sebastian"]
[Result "0-1"]
[WhiteElo "2687"]
[BlackElo "2664"]
[PlyCount "62"]
[EventDate "2025.01.21"]
[EventType "swiss (blitz)"]
[EventRounds "11"]
[EventCountry "USA"]
[SourceTitle "CB05_2025"]
[SourceDate "2025.01.29"]
[SourceVersion "1"]
[SourceVersionDate "2025.01.29"]
[SourceQuality "1"]

1. d4 Nf6 2. Nf3 d6 3. Bg5 g6 4. Nbd2 Bg7 5. e3 0-0 6. Bc4 b6 7. c3 Bb7 8. h4 Nbd7 9. h5 Nxh5 10. Rxh5 gxh5 11. Nh4 h6 12. Bf4 e5 13. Bg3 Qg5 14. Ndf3 Qf6 15. dxe5 Nxe5 16. Nxe5 dxe5 17. Qxh5 Qg5 18. Qe2 Rad8 19. Kf1 Rd7 20. Rd1 Rxd1+ 21. Qxd1 Rd8 22. Qc2 Bf6 23. Kg1 Qg4 24. Qa4 Kg7 25. f3 Qh5 26. Bb3 e4 27. Qxa7 Bxh4 28. Bxh4 Qxh4 29. Qxb7 Rd2 30. Qxe4 Qf2+ 31. Kh2 Qxg2# 0-1

[Event "Bundesliga 2425"]
[Site "Germany"]
[Date "2025.01.11"]
[Round "5.3"]
[White "Ragger, Markus"]
[Black "Christiansen, Johan Sebastian"]
[Result "1/2-1/2"]
[WhiteElo "2601"]
[BlackElo "2661"]
[PlyCount "106"]
[EventDate "2024.09.28"]
[EventType "team-tourn"]
[EventRounds "15"]
[EventCountry "GER"]
[SourceTitle "CB06_2025"]
[SourceDate "2025.02.05"]
[SourceVersion "1"]
[SourceVersionDate "2025.02.05"]
[SourceQuality "1"]
[WhiteTeam "Solingen"]
[BlackTeam "St Pauli"]
[WhiteTeamCountry "GER"]
[BlackTeamCountry "GER"]

1. d4 Nf6 2. c4 d6 3. Nc3 e5 4. Nf3 e4 5. Nd2 Bf5 6. Nb3 c6 7. Bg5 Nbd7 8. e3 Be7 9. Be2 h6 10. Bf4 0-0 11. d5 c5 12. Nd2 Re8 13. g4 Bg6 14. h4 Bf8 15. g5 hxg5 16. hxg5 Nh7 17. Bh5 Bf5 18. Bg4 Bg6 19. Bh5 Bf5 20. Rg1 Ne5 21. Bxe5 Rxe5 22. g6 fxg6 23. Bxg6 Bxg6 24. Rxg6 Nf6 25. Qe2 Qe8 26. Rg2 a6 27. 0-0-0 b5 28. Rh1 b4 29. Nd1 Rf5 30. Rgh2 a5 31. Nf1 a4 32. Ng3 Rg5 33. Rh8+ Kf7 34. R8h4 a3 35. b3 Qe5 36. Qc2 Re8 37. Rf4 Kg8 38. Kd2 Rg4 39. Rxg4 Nxg4 40. Qxe4 Qxe4 41. Nxe4 Rxe4 42. f3 Rxc4 43. Rh4 Be7 44. Rxg4 Rxg4 45. fxg4 Bh4 46. Kd3 Kf7 47. e4 Kf6 48. Ne3 Bg3 49. Ke2 Ke5 50. Kd3 Kf6 51. Ke2 Ke5 52. Kd3 Kf6 53. Ke2 Ke5 1/2-1/2

[Event "Wch Blitz"]
[Site "New York"]
[Date "2024.12.30"]
[Round "13"]
[White "Christiansen, Johan Sebastian"]
[Black "Jacobson, Brandon"]
[Result "1-0"]
[WhiteElo "2661"]
[BlackElo "2583"]
[PlyCount "69"]
[EventDate "2024.12.30"]
[EventType "swiss (blitz)"]
[EventRounds "13"]
[EventCountry "USA"]
[SourceTitle "CB01_2025"]
[SourceDate "2025.01.01"]
[SourceVersion "1"]
[SourceVersionDate "2025.01.01"]
[SourceQuality "1"]

1. e4 e5 2. Nf3 Nc6 3. Nc3 Nf6 4. Nd5 Be7 5. Bd3 d6 6. c3 Be6 7. Nxe7 Qxe7 8. Bc2 d5 9. d3 a5 10. Qe2 h6 11. h3 a4 12. 0-0 0-0 13. Re1 Rfe8 14. Be3 Red8 15. exd5 Bxd5 16. Nd2 Nd7 17. Qg4 Qe6 18. Qg3 Ne7 19. d4 Nf5 20. Bxf5 Qxf5 21. Bxh6 Qh7 22. Bg5 f6 23. Be3 b5 24. dxe5 fxe5 25. Bg5 Rf8 26. Nf1 Qg6 27. Rad1 Bc6 28. Ne3 Nc5 29. Be7 Qxg3 30. fxg3 Ne4 31. Bxf8 Rxf8 32. Nd5 Bxd5 33. Rxd5 Nxg3 34. Rdxe5 c6 35. Re8 1-0